| 000 | 01031nam a22002057a 4500 | ||
|---|---|---|---|
| 003 | OSt | ||
| 005 | 20260224071220.0 | ||
| 008 | 260224b |||||||| |||| 00| 0 eng d | ||
| 020 | _a9788179044360 | ||
| 040 |
_aDWCL GS library _cOC |
||
| 082 | _aFic. D548t 2008 | ||
| 100 | _aDickens, Charles | ||
| 245 |
_aa tale of two cities _cCharles Dickens |
||
| 260 | _bFic. D548t 2008 | ||
| 300 |
_a138 _billustrations _c17cm |
||
| 520 | _aA Tale of Two Cities by Charles Dickens is a historical novel set in London and Paris during the French Revolution, focusing on love, sacrifice, and redemption amidst political turmoil, following characters like the resurrected Dr. Manette, his daughter Lucie, the aristocrat Charles Darnay, and the cynical lawyer Sydney Carton as they navigate betrayal, injustice, and the terrifying Reign of Terror, culminating in a famous act of heroic self-sacrifice. | ||
| 546 | _aEnglish | ||
| 700 | _aCharles Dickens | ||
| 942 |
_2ddc _cFIC. _hFic. D548t 2008 _n0 |
||
| 999 |
_c8526 _d8526 |
||